Clicktion on the Fiction: (1960s) Quiz Stats

 Plays Quiz Updated Jul 16, 2015

Challenge
Share
Tweet
Embed
Score 0/25 Timer 04:00
1 Play Today
% Correct
Mockingbird
99%
Live
97.3%
Green
94.3%
Baby
94.2%
Tropic
94%
Town
93.9%
Agony
93.4%
Staircase
92.2%
Dolls
91.8%
Golden
91.7%
Babel
90.8%
Winter
90.5%
Spy
90.3%
% Correct
Confessions
89.2%
Andromeda
87.3%
Naked
86.9%
Sand
83.4%
Pan
83.1%
Looking
82.4%
Complaint
80.1%
Advise
78.4%
Zooey
78.2%
Ship
78%
Myra
75.2%
Mila
51.5%

You're not logged in!

Compare scores with friends on all Sporcle quizzes.
Join for Free
OR
Log In

You Might Also Like...

Show Comments

Extras

Top Quizzes Today


Score Distribution

Your Account Isn't Verified!

In order to create a playlist on Sporcle, you need to verify the email address you used during registration. Go to your Sporcle Settings to finish the process.

Report this User

Report this user for behavior that violates our Community Guidelines.

Details: